| 000 | 04669nam a2200325 i 4500 | ||
|---|---|---|---|
| 999 |
_c46657 _d46657 |
||
| 001 | 768714001 | ||
| 003 | CO-MdFUSB | ||
| 005 | 20240618062714.0 | ||
| 007 | ta | ||
| 008 | 180213t2014 xxu||||g |||| 00| 0 eng d | ||
| 020 | _a9781451470499 | ||
| 040 |
_aCO-MdFUSB _bspa _cCO-MdFUSB _dCO-MdFUSB _erda |
||
| 041 | _aeng | ||
| 082 |
_223 _a266 _bT253t |
||
| 245 | 1 | 0 |
_aTeaching all nations : _bInterrogating the Matthean Great Commission _c/ editado por Mitzi J. Smith , Jayachitra Lalitha |
| 264 | 1 |
_aMinneapolis, Minnesota : _bFortress Press ; _c[2014] |
|
| 264 | 4 | _c© 2014 | |
| 300 |
_a318 páginas _c; 23 cm. |
||
| 336 |
_2rdacontent _atexto _btxt |
||
| 337 |
_2rdamedia _asin mediación _bn |
||
| 338 |
_2rdacarrier _avolumen _bnc |
||
| 505 | _a Misión colonial y la Gran Comisión: recordando el pasado. Misión colonial y la Gran Comisión en África / Beatrice Okyere-Manu - Examinando la promulgación y el impacto de la Gran Comisión en el Caribe, 1492-1970: un análisis histórico / Dave Gosse - Misiones coloniales estadounidenses a esclavos africanos: catequizar almas negras, traumatizar a la psiquiatría negra / Mitzi J. Smith - pt 2. Críticas mujerististas, feministas y poscoloniales y la Gran Comisión. La Gran Comisión: una investigación feminista Dalit postcolonial / Jayachitra Lalitha - Privilegio pero no poder: mujeres en el evangelio de Mateo y misioneras afroamericanas del siglo XIX a través de una lente postcolonial / Lynne St. Clair Darden - "Saber más de lo que es bueno para uno": un interrogatorio feminista de la Gran Comisión Matthean / Mitzi J. Smith - pt 3. Teología, arte y la Gran Comisión. Imágenes de Jesús en el avance de la Gran Comisión / Sheila F. Winborne - La Gran Comisión ante el sufrimiento como minjung / Michelle Sungshin Lim - Agencia infantil y Edimburgo 2010: ¿la Gran Comisión o una mayor omisión? / Rohan P. Gideon - pt 4. La gran comisión y la educación cristiana: repensar nuestra pedagogía. Interrogando a la Gran Comisión Matthean para la educación cristiana de los Estados Unidos: reclamando el mensaje del reino de Dios de Jesús para la iglesia / Karen D. Crozier - Comenzando de nuevo: repensar la educación cristiana a la luz de la Gran Comisión / Anthony G. Reddie - La educación moral cristiana y la Gran Comisión en un contexto africano / Lord Elorm-Donkor - pt 5. Interrogar a la Comisión más allá de la academia. Una Gran Comisión orientada al centro de los Estados Unidos / MarShondra Scott Lawrence - El impacto de la Gran Comisión en un misionero a corto plazo y un líder laico en la Iglesia de Dios en Cristo / June C. Rivers. | ||
| 505 | 0 | 0 | _apt. 1. Colonial mission and the Great Commission: re-membering the past. Colonial mission and the Great Commission in Africa / Beatrice Okyere-Manu -- Examining the promulgation and impact of the Great Commission in the Caribbean, 1492-1970: a historical analysis / Dave Gosse --US colonial missions to African slaves: catechizing black souls, traumatizing the black psychē / Mitzi J. Smith -- pt. 2. Womanist, feminist, and postcolonial criticisms and the Great Commission. The Great Commission: a postcolonial Dalit feminist inquiry / Jayachitra Lalitha -- Privilege but no power: women in the gospel of Matthew and nineteenth-century African American women missionaries through a postcolonial lens / Lynne St. Clair Darden -- 'Knowing more than is good for one': a womanist interrogation of the Matthean Great Commission / Mitzi J. Smith -- pt. 3. Theology, art, and the Great Commission. Images of Jesus in advancing the Great Commission / Sheila F. Winborne -- The Great Commission in the face of suffering as minjung / Michelle Sungshin Lim -- Children's agency and Edinburgh 2010: the Great Commission or a greater omission? / Rohan P. Gideon -- pt. 4. The Great Commission and Christian education: rethinking our pedagogy. Interrogating the Matthean Great Commission for US Christian education: reclaiming Jesus' kingdom of God message for the church / Karen D. Crozier -- Beginning again: rethinking Christian education in light of the Great Commission / Anthony G. Reddie -- Christian moral education and the Great Commission in an African context / Lord Elorm-Donkor -- pt. 5. Interrogating the Commission from beyond the academy. A United States inner-city oriented Great Commission / MarShondra Scott Lawrence -- The Great Commission's impact on a short-term missionary and lay leader in the Church of God in Christ / June C. Rivers. |
| 563 | _aRústico | ||
| 650 | 0 |
_aMisiones _9154 |
|
| 700 |
_93973 _aSmith, Mitzi J. _eeditor |
||
| 942 | _cBK | ||
| 945 | _aJTF-925 | ||